Invertebrates as webmasters in ecosystems
Guardado en:
| Formato: | Libro |
|---|---|
| Lenguaje: | Undetermined |
| Publicado: |
Wallingford, UK
CABI
2000
|
| Materias: | |
| Etiquetas: |
Agregar Etiqueta
Sin Etiquetas, Sea el primero en etiquetar este registro!
|
| Thư viện lưu trữ: | Trung tâm Học liệu Trường Đại học Cần Thơ |
|---|
| LEADER | 00517nam a2200193Ia 4500 | ||
|---|---|---|---|
| 001 | CTU_67469 | ||
| 008 | 210402s9999 xx 000 0 und d | ||
| 020 | |b 81 | ||
| 082 | |a 592.17 | ||
| 082 | |b I.62 | ||
| 245 | 0 | |a Invertebrates as webmasters in ecosystems | |
| 245 | 0 | |c Edited by David C. Coleman and Paul F. Hendrix | |
| 260 | |a Wallingford, UK | ||
| 260 | |b CABI | ||
| 260 | |c 2000 | ||
| 650 | |a invertebrates | ||
| 650 | |x ecology | ||
| 904 | |i Minh | ||
| 980 | |a Trung tâm Học liệu Trường Đại học Cần Thơ | ||